LEADER 01039nam a2200241 u 4500 001 000000110592 003 CaOOAMICUS 005 20080312125736.0 008 080312s1937 fr u000 u fre u 040 $aPUL$bita$dLDB 100 1 $aDe Broglie, Louis-Victor Pierre Raymond,$d1892-1987.$0(OLS)http://pul/name/67791 245 13$aLa physique nouvelle et les quanta /$cLouis De Broglie. 260 $aParis :$bFlammarion,$c1937. 300 $a307 p. ;$c20 cm. 490 1 $aBibliothèque de philosophie scientifique 504 $aInclude riferimenti bibliografici. 650 14$aMeccanica quantistica.$0(OLS)http://pul/subject/34185 830 0$aBibliothèque de philosophie scientifique.$0(OLS)http://pul/title/12933 850 $aPUL 852 $aPUL$W1$xDP1 Filosofia 1$y19$m747 L 25$j126683$qStampati$B125408$CPULBib$Z2$F125408 $H14036 $82 941 1 $a8 996 $6245$aLa physique nouvelle et les quanta$9(OLS)http://pul/title/139067 996 $6260$aParis :$bFlammarion$9(OLS)http://pul/publisher/48204 LEADER 01854nam a2200289 u 4500 001 000000050177 003 CaOOAMICUS 005 20070226115207.0 008 000725s1995 sx u000 u eng u 020 $a9991631399 035 $a10852898 040 $aPUL$bita 245 00$aHuman rights education and advocacy in Namibia in the 1990s :$ba tapestry of perspectives : a collection of papers submitted at a Workshop on education, training and information concerninng Human Rights in Namibia, held in Windhoek, Namibia, 12 to 13 May 1993 /$cthe workshop was organized collaboratively by The University of Namibia's Faculty of Law, Human Rights and Documentation Centre (HRDC), United Nations EDucational, Scientific and Cultural Organization (UNESCO), United Nations Information Centre (UNIC) 260 $aWindhoek, Namibia :$bNew Namibia books,$cc1995. 300 $aviii, 140 p. ;$c22 cm 504 $aBibliografia in nota. 650 4$aDiritti umani$zNamibia.$0(OLS)http://pul/subject/21123 710 2 $aUnesco.$0(OLS)http://pul/name/5180 710 2 $aHuman Rights and Documentation Centre.$0(OLS)http://pul/name/36190 710 2 $aUnited Nations Informations Centre.$0(OLS)http://pul/name/36189 850 $aPUL 852 $aPUL$W1$xDP2 Cons. Gen., Altre Classi 1$y61$m1390 U 49$j66552$nBK-PRI$b $qStampati$B66552$CPULBib$Z2$F66552 $81 941 1 $a8 961 $aINV: 81784 996 $6020$a9991631399$9(OLS)http://pul/number/63478 996 $6245$aHuman rights education and advocacy in Namibia in the 1990s :$ba tapestry of perspectives : a collection of papers submitted at a Workshop on education, training and information concerninng Human Rights in Namibia, held in Windhoek, Namibia, 12 to 13 May 1993$9(OLS)http://pul/title/67542 996 $6260$aWindhoek, Namibia :$bNew Namibia books$9(OLS)http://pul/publisher/67599